000 00962nam a22003137a 4500
001 BR2013002065
003 BR-BrBNA
005 20230928104143.0
007 ta
008 230509b bl.||||| |||| 00| 0 por d
040 _aBR-BrBNA
_bpor
_cBiblioteca Nacional de Agricultura
041 _a(Por)
072 _aH20
_b0120
_b4120
_b3820
_b3810
090 _ 0120 BR2013002065
100 1 _aDornelas, G.A.
110 1 _aUniversidade Federal de Lavras, MG (Brasil)
_0Tese (Mestrado)
245 1 _aSuprimento de nitrogênio e de potássio na intensidade da mancha branca do milho
260 3 _aLavras, MG (Brasil):
_c2012.
300 _a58 p.
500 _aSummaries (Eng, Por); Bibliography p. 50-56; 6 illus.; 5 tables
650 _aMILHO
650 _aMANCHA BRANCA
650 _aDEFICIÊNCIA MINERAL
650 _aPOTÁSSIO
650 _aADUBAÇÃO
650 _aABSORÇÃO DE NUTRIENTES
909 _a202309
_bLucia
_c55
_dLucia Elande
942 _cBK
999 _c78409
_d78409